000
00268nam a22001217a 4500
008
181206b xxu||||| |||| 00| 0 eng d
041
_a
eng
080
_a
710
100
_a
45
101
_a
ART
245
_a
The American Choice Art
_c
Williams.S.L
942
_2
udc
_c
BK
999
_c
52944
_d
52944